Statistics for All The Yardbirds Songs

Click here to take the quiz!

General Stats

  • This quiz has been taken 3 times
  • The average score is 6 of 103

Answer Stats

AlbumSong% Correct
For Your LoveFor Your Love
100%
Having a Rave Up with The YardbirdsHeart Full of Soul
100%
Five Live YardbirdsI'm a Man
100%
Having a Rave Up with The YardbirdsEvil Hearted You
67%
Roger the EngineerOver Under Sideways Down
67%
Having a Rave Up with the YardbirdsThe Train Kept A-Rollin'
67%
Five Live YardbirdsGood Morning Little Schoolgirl
33%
Single #4Shapes of Things
33%
Having a Rave Up with The YardbirdsStill I'm Sad
33%
Having a Rave Up with The YardbirdsYou're a Better Man Than I
33%
Sonny Boy Williamson and the Yardbirds23 Hours Too Long
0%
For Your LoveA Certain Girl
0%
BirdlandAn Original Man (A Song for Keith)
0%
Sonny Boy Williamson and the YardbirdsBaby Don't Worry
0%
BBC SessionsBaby, Scratch My Back
0%
Reunion Jam Vol. IIBack Door Man
0%
Reunion JamBack Where I Started
0%
Reunion JamBad Boy
0%
Single #6Boom Boom
0%
Sonny Boy Williamson and the YardbirdsBye Bye Bird
0%
Reunion JamCrying Out for Love
0%
Sonny Boy Williamson and the YardbirdsDo the Weston
0%
BirdlandDream Within a Dream
0%
Little GamesDrinking Muddy Water
0%
BBC SessionsDust My Broom
0%
Roger the EngineerEver Since the World Began
0%
Roger the EngineerFarewell
0%
Five Live YardbirdsFive Long Years
0%
Little GamesGlimpses
0%
Reunion Jam Vol. IIGloria
0%
Reunion Jam Vol. IIGoin' Down
0%
Single #12Goodnight Sweet Josephine
0%
For Your LoveGot to Hurry
0%
Single #10Ha! Ha! Said the Clown
0%
Reunion JamHeavy Weather
0%
Five Live YardbirdsHere 'Tis
0%
Roger the EngineerHe's Always There
0%
Reunion Jam Vol. IIHey Joe
0%
Single #7Honey In Your Hips
0%
Roger the EngineerHot House of Omagararshid
0%
For Your LoveI Ain't Done Wrong
0%
For Your LoveI Ain't Got You
0%
Reunion JamI Ain't Superstitious
0%
Roger the EngineerI Can't Make Your Way
0%
Sonny Boy Williamson and the YardbirdsI Don't Care No More
0%
Five Live YardbirdsI Got Love If You Want It
0%
Reunion Jam Vol. III Just Want to Make Love to You
0%
Live Yardbirds: Featuring Jimmy PageI'm Confused
0%
For Your LoveI'm Not Talking
0%
For Your LoveI Wish You Would
0%
Roger the EngineerJeff's Boogie
0%
London 1963 - The First Recordings!Let It Rock
0%
Little GamesLittle Games
0%
Little GamesLittle Soldier Boy
0%
Roger the EngineerLost Woman
0%
Five Live YardbirdsLouise
0%
BBC SessionsLove Me Like I Love You
0%
Sonny Boy Williamson and the YardbirdsMister Downchild
0%
BirdlandMr. Saboteur
0%
Live Yardbirds: Featuring Jimmy PageMy Baby
0%
BirdlandMy Blind Life
0%
Five Yardbirds EPMy Girl Sloopy
0%
For Your LoveMy Girl Sloppy
0%
BirdlandMystery of Being
0%
Single #5New York City Blues
0%
Little GamesNo Excess Baggage
0%
Little GamesOnly the Black Rose
0%
Sonny Boy Williamson and the YardbirdsOut on the Water Coast
0%
Single #3Paff...Bum
0%
BirdlandPlease Don't Tell Me 'Bout the News'
0%
Sonny Boy Williamson and the YardbirdsPontiac Blues
0%
Five Live YardbirdsPretty Girl
0%
Single #8Psycho Daisies
0%
For Your LovePutty (In Your Hands)
0%
Single #9Puzzles
0%
Single #2Questa Volta
0%
Roger the EngineerRack My Mind
0%
Five Live YardbirdsRespectable
0%
Reunion Jam Vol. IIRoute 66
0%
Live! Blueswailing July '64She Is So Respectable/Humpty Dumpty
0%
Reunion JamSitting on Top of the World
0%
Little GamesSmile on Me
0%
Five Live YardbirdsSmokestack Lightnin'
0%
Live! Blueswailing July '64Someone to Love Me
0%
Little GamesStealing Stealing
0%
SingleSteeled Blues
0%
Blow-UpStroll On
0%
For Your LoveSweet Music
0%
Sonny Boy Williamson and the YardbirdsTake It Easy Baby
0%
London 1963 - The First Recordings!Talkin' Bout You
0%
Single #11Ten Little Indians
0%
Roger the EngineerThe Nazz Are Blue
0%
Live! Blueswailing July '64The Sky Is Crying
0%
BBC SessionsThe Sun Is Shining
0%
Single #13Think About It
0%
Reunion JamThree Lane Highway
0%
Little GamesTinker, Tailor, Soldier, Sailor
0%
Five Live YardbirdsToo Much Monkey Business
0%
Roger the EngineerTurn into Earth
0%
Roger the EngineerWhat Do You Want
0%
Little GamesWhite Summer
0%
London 1963 - The First Recordings!Who Do You Love?
0%
London 1963 - The First Recordings!You Can't Judge a Book by the Cover
0%

Score Distribution

Percentile by Number Answered

Percent of People with Each Score

Your Score History

You have not taken this quiz